| 000 | 01482nam0a2200277 i 4500 | ||
|---|---|---|---|
| 001 | RU\NLR\BIBL_A\011262901 | ||
| 005 | 20240921214704.0 | ||
| 010 |
_a9785783113871 _9300 |
||
| 021 |
_aRU _b2016-81149 _95299 |
||
| 035 | _a(NLR Aleph) 011262901 | ||
| 090 |
_a12226490 _c12226490 |
||
| 100 | _a20161107d2016 u y0rusy50 ca | ||
| 101 | 0 | _arus | |
| 102 | _aRU | ||
| 105 | _aa j 000zy | ||
| 200 | 1 |
_aИнструменты управления эффективностью компании (в схемах и таблицах) _eучебное пособие _e[для повышения квалификации по экономике и менеджменту] _fС.Ф. Сайфуллина _gМ-во образования и науки Рос. Федерации, Федер. гос. бюджет. образоват. учреждение высш. образования "Уфим. гос. нефтяной техн. ун-т" |
|
| 210 |
_aУфа _cИзд-во УГНТУ _d2016 |
||
| 215 |
_a74 с. _cил. _d21 |
||
| 320 | _aБиблиогр.: с. 68-69 (18 назв.) | ||
| 606 |
_aПредприятия _jУчебные издания для высших учебных заведений _xСтоимость _xУправление _92556573 _3RU\NLR\AUTH\661512548 |
||
| 686 | 1 | _aУ9(2)-862-21я73 | |
| 700 | 1 |
_aСайфуллина _bС. Ф. _gСофия Фаруковна |
|
| 942 | _cBOOK | ||
| 980 | _aNBR | ||